[Event "Forks-Excaliburs"]
[Site "?"]
[Date "2011.03.29"]
[Round "?"]
[White "Granata, Mike"]
[Black "Lee, David"]
[Result "1-0"]
[WhiteElo "1899"]
[BlackElo "1891"]
[PlyCount "65"]

1. Nf3 d6 2. b4 e5 3. e3 g6 4. c4 Bg7 5. d4 a5 6. b5 Nd7 7. Bb2 Ne7 8. Bd3 O-O
9. O-O c6 10. Qb3 a4 11. Qc2 c5 12. dxe5 dxe5 13. Nc3 a3 14. Bc1 e4 15. Bxe4
Nb6 16. Rb1 Be6 17. Bxb7 Ra7 18. Rd1 Rxb7 19. Rxd8 Rxd8 20. Bxa3 Bxc4 21. Rd1
Rxd1+ 22. Nxd1 Ra7 23. Bxc5 Rxa2 24. Qe4 Ra1 25. h3 Rxd1+ 26. Kh2 h5 27. Qxe7
Nd5 28. Qe8+ Kh7 29. Ng5+ Kh6 30. Nxf7+ Kh7 31. Bd4 Nf6 32. Qe7 Nd5 33. Ng5+
1-0

[Event "Excaliburs-Forks"]
[Site "?"]
[Date "2011.03.29"]
[Round "?"]
[White "Engelen, Mark"]
[Black "Santiago, Teddy"]
[Result "0-1"]
[WhiteElo "1764"]
[BlackElo "1976"]
[PlyCount "112"]

1. d4 f5 2. c4 e6 3. Nc3 Nf6 4. g3 Bb4 5. e3 c6 6. a3 Bxc3+ 7. bxc3 Qa5 8. Qb3
O-O 9. a4 Ne4 10. Qb4 Qc7 11. Ba3 d6 12. Ne2 Na6 13. Qb1 c5 14. Bg2 Nf6 15. Qd3
Rb8 16. O-O b6 17. f3 e5 18. e4 g6 19. Bc1 Be6 20. Bh6 Rf7 21. d5 Bd7 22. Ra2
Kh8 23. Rfa1 Ng8 24. Be3 h6 25. Qd2 g5 26. h3 f4 27. gxf4 gxf4 28. Bf2 Nf6 29.
Bh4 Nh5 30. Kf2 Rg8 31. Qb2 Qc8 32. a5 Bxh3 33. Bh1 b5 34. cxb5 c4 35. bxa6
Qc5+ 36. Nd4 exd4 37. cxd4 Qc8 38. Rc1 Bf1 39. Rxf1 Qh3 40. Ke1 Qxh4+ 41. Qf2
Ng3 42. Kd1 Qf6 43. Rg1 Rb8 44. Rb2 Qd8 45. Rxb8 Qxb8 46. Qc2 Qb4 47. Bg2 c3
48. Kc1 Qa3+ 49. Kb1 Rf8 50. Qa2 Qb4+ 51. Kc2 Qxd4 52. Rd1 Qf2+ 53. Kb1 c2+ 54.
Qxc2 Rb8+ 55. Kc1 Ne2+ 56. Kd2 Nd4+ 0-1

[Event "Forks-Excaliburs"]
[Site "?"]
[Date "2011.03.29"]
[Round "?"]
[White "Sollano, Ely"]
[Black "Weitz, Ron"]
[Result "1-0"]
[WhiteElo "1914"]
[BlackElo "1608"]
[Annotator "Friske,Tom"]
[PlyCount "81"]

1. d4 d5 2. Nf3 Nf6 3. c3 Bg4 4. Nbd2 e6 5. Ne5 Nbd7 6. Nxg4 Nxg4 7. Nf3 (7. e4
) 7... Ngf6 8. e3 a6 9. Bd3 Bd6 10. O-O O-O 11. Re1 c5 12. Bc2 c4 13. h3 Qc7
14. e4 Nxe4 15. Bxe4 dxe4 16. Rxe4 Nf6 17. Re1 (17. Rh4 {idea Qc2,Ng5}) 17...
Rad8 18. Qe2 Nd5 19. Bd2 Nf4 20. Bxf4 Bxf4 21. Qe4 Rd5 22. Re2 g6 23. Rae1 Bh6
24. g3 Bg7 25. Qb1 b5 26. Ne5 Bxe5 27. Rxe5 Rfd8 28. Qc1 Qe7 29. h4 Qf6 30. Qh6
Qg7 31. Qf4 Qf8 32. Qf3 Qe7 33. Rxd5 Rxd5 34. Qxd5 Qf8 35. Qd7 Qg7 36. Qc8+ Qf8
37. Qxa6 Qh6 38. Qc8+ Kg7 39. Re3 Qh5 40. Qb7 Qf5 41. Rf3 1-0

[Event "Excaliburs-Forks"]
[Site "?"]
[Date "2011.03.29"]
[Round "?"]
[White "Vigants, Al"]
[Black "Bian, Mike"]
[Result "1-0"]
[WhiteElo "1529"]
[BlackElo "1508"]
[PlyCount "83"]

1. d4 Nf6 2. Nf3 e6 3. c4 Bb4+ 4. Nc3 b6 5. Bg5 h6 6. Bf4 Nc6 7. Qc2 Ba6 8. e4
Bxc3+ 9. bxc3 d5 10. Bd3 dxe4 11. Bxe4 Nxe4 12. Qxe4 Na5 13. O-O Bxc4 14. Rfd1
O-O 15. Ne5 Bd5 16. Qc2 Qh4 17. Bg3 Qg5 18. c4 Bb7 19. h3 Rac8 20. Qa4 Rfd8 21.
Rab1 c5 22. dxc5 Rxd1+ 23. Rxd1 Rxc5 24. Qe8+ Kh7 25. Nxf7 Qf6 26. Rd7 Rc8 27.
Qe7 Qxe7 28. Rxe7 Rxc4 29. Nd6 Rc1+ 30. Kh2 Bd5 31. Rxa7 Re1 32. Nf7 Nc4 33. h4
Kg6 34. Nh8+ Kh7 35. Nf7 e5 36. Rd7 Bxf7 37. Rxf7 e4 38. Re7 e3 39. fxe3 Nxe3
40. Bxe1 Ng4+ 41. Kg1 Kg6 42. Re6+ 1-0

[Event "Forks-Excaliburs"]
[Site "?"]
[Date "2011.03.29"]
[Round "?"]
[White "Nick, Xan"]
[Black "Siegel, Ross"]
[Result "0-1"]
[WhiteElo "1270"]
[BlackElo "1488"]
[Annotator "Friske,Tom"]
[PlyCount "79"]

1. e4 b6 2. d4 Bb7 3. Nc3 e6 4. a3 c5 5. Be3 Nf6 6. f3 Nc6 7. dxc5 (7. d5) 7...
bxc5 8. Qd2 d5 9. exd5 exd5 10. Bf2 d4 11. Na4 Bd6 12. O-O-O O-O 13. Bc4 Qc7
14. Ne2 Ne5 15. Ba2 Rac8 16. f4 Neg4 17. Bg1 Ne4 (17... Bxg2) 18. Qd3 Ngf2 19.
Bxf2 Nxf2 20. Qf5 Nxh1 21. Rxh1 Bxg2 22. Rg1 Bf3 23. Ng3 (23. Qf6 g6 24. Rxg6+
hxg6 25. Qxg6+ Kh8 26. Qh6+ {draws}) 23... g6 24. Qf6 Bxf4+ 25. Kb1 Bxg3 26.
Rxg3 Rfe8 27. b4 Re1+ 28. Kb2 Bd1 29. Nxc5 Re2 30. Qxd4 Bxc2 31. Rc3 Bf5+ 32.
Ka1 Qxh2 33. Qc4 Re1+ 34. Rc1 Rxc1+ (34... Qe5+ 35. Qc3 Rxc1+) 35. Qxc1 Qc2 36.
Qe1 h5 37. Bb3 Qh2 38. Ne4 Qe5+ 39. Qc3 Qxe4 40. Qb2 0-1

[Event "DRW at AMARS"]
[Site "DRW"]
[Date "2011.02.22"]
[Round "7.1"]
[White "Hayhurst, Lyle"]
[Black "Brock, Bill"]
[Result "1/2-1/2"]
[WhiteElo "1944"]
[BlackElo "1998"]
[PlyCount "142"]
[EventDate "2011.02.22"]
[WhiteTeam "DRW"]
[BlackTeam "AMARS"]

1. Nf3 Nf6 2. c4 e6 3. d4 Bb4+ 4. Bd2 Qe7 5. g3 Nc6 6. Bg2 O-O 7. O-O Bxd2 8.
Nbxd2 d6 9. e4 e5 10. d5 Nb8 11. Re1 a5 12. Rc1 Na6 13. b3 Bg4 14. h3 Bxf3 15.
Nxf3 Ne8 16. Nh4 g6 17. a3 Ng7 18. Qc2 b6 19. Kh2 Qg5 20. Nf3 Qd8 21. Qd2 Nh5
22. b4 axb4 23. axb4 Qf6 24. Ra1 Kg7 25. Ra3 c5 26. dxc6 Qe6 27. Qc3 Rfc8 28.
Rea1 Rxc6 29. Rxa6 Rxc4 30. Qe3 Rxa6 31. Rxa6 Rxb4 32. Rxb6 Rxb6 33. Qxb6 h6
34. Nh4 Nf6 35. Qe3 Nd7 36. Bf1 d5 37. exd5 Qxd5 38. Bg2 Qd6 39. Nf3 f5 40. Qd2
Qxd2 41. Nxd2 e4 42. Nc4 Nc5 43. f3 exf3 44. Bxf3 Nd7 45. Bc6 Nf6 46. Ne5 Ng8
47. Kg2 Ne7 48. Bb7 Ng8 49. Nd7 Nf6 50. Ne5 Ne8 51. Nd7 Nf6 52. Ne5 Ng8 53. Bd5
Ne7 54. Bc4 Kf6 55. Nd7+ Kg7 56. Kf2 Nc8 57. Ke3 Nd6 58. Bd5 Ne8 59. Kf4 Nd6
60. h4 Nb5 61. Ke5 Nc3 62. Bf3 Nb1 63. Nb6 Nd2 64. Bg2 Nb3 65. Nd5 Nc5 66. Nf4
Nd7+ 67. Kd6 Nf6 68. Ke5 Ng4+ 69. Ke6 Ne3 70. Bh3 g5 71. Bxf5 gxf4 1/2-1/2

[Event "DRW at AMARS"]
[Site "DRW"]
[Date "2011.02.22"]
[Round "7.3"]
[White "Gorodetskiy, Steve"]
[Black "Eaman, Robert"]
[Result "1/2-1/2"]
[WhiteElo "1809"]
[BlackElo "1789"]
[PlyCount "125"]
[EventDate "2011.02.22"]
[WhiteTeam "DRW"]
[BlackTeam "AMARS"]

1. c4 f5 2. Nc3 Nf6 3. g3 e6 4. Bg2 c5 5. Nf3 Nc6 6. d4 cxd4 7. Nxd4 Bc5 8.
Nxc6 bxc6 9. O-O d5 10. a3 a5 11. Na4 Bd6 12. c5 Bc7 13. Bd2 O-O 14. b4 axb4
15. axb4 Ba6 16. Re1 Qb8 17. Bc3 Bb5 18. e3 Ne4 19. Bxe4 Bxa4 20. Rxa4 fxe4 21.
Qa1 Qb7 22. Rxa8 Rxa8 23. Qb2 g6 24. Rb1 Bd8 25. Be5 Be7 26. Qe2 Bxc5 27. Qg4
Re8 28. h4 Bf8 29. h5 Qf7 30. hxg6 Qxg6 31. Qxg6+ hxg6 32. b5 cxb5 33. Rxb5 Bg7
34. Bxg7 Kxg7 35. Kf1 Ra8 36. Ke2 Ra2+ 37. Ke1 Kf6 38. Rb6 Kf5 39. Rb5 Ra6 40.
Ke2 Kg4 41. Rb8 Ra2+ 42. Ke1 Ra6 43. Re8 Kg5 44. Ke2 Kf6 45. Rd8 Ke7 46. Rb8 e5
47. Rb7+ Kd8 48. Rb5 Rd6 49. Rb7 Re6 50. Rb5 Rd6 51. Rb7 Ke8 52. Kd2 Rd7 53.
Rb6 Kf7 54. g4 d4 55. g5 Kg7 56. Re6 Rf7 57. exd4 exd4 58. Rxe4 Rxf2+ 59. Kd3
Rf5 60. Re7+ Kf8 61. Rd7 Rxg5 62. Kxd4 Rf5 63. Ke4 1/2-1/2

[Event "DRW at AMARS"]
[Site "DRW"]
[Date "2011.02.22"]
[Round "7.2"]
[White "Allen, Hence"]
[Black "Gorodetskiy, Eugene"]
[Result "0-1"]
[WhiteElo "1795"]
[BlackElo "1852"]
[PlyCount "78"]
[EventDate "2011.02.22"]
[WhiteTeam "AMARS"]
[BlackTeam "DRW"]

1. d4 d5 2. c4 Nc6 3. Nf3 Nf6 4. Nc3 dxc4 5. e3 Bg4 6. Bxc4 e6 7. O-O Bb4 8. h3
Bh5 9. Rb1 O-O 10. a3 Bd6 11. Bd3 Re8 12. Ne4 e5 13. Nxf6+ Qxf6 14. Be2 exd4
15. b4 dxe3 16. Bxe3 a6 17. Bg5 Qe6 18. Bd3 Bxf3 19. Qxf3 Qe5 20. Qg3 Qd4 21.
Rbd1 Bxg3 22. Bxh7+ Kxh7 23. Rxd4 Nxd4 24. fxg3 f6 25. Bd2 Re2 26. Bc3 Nb5 27.
Rf3 Nxc3 28. Rxc3 c6 29. Rd3 Rae8 30. Kf1 R2e3 31. Rd7 R8e7 32. Rd4 Rxa3 33. g4
Ra2 34. g5 fxg5 35. Rg4 Rd7 36. Kg1 Rd1+ 37. Kh2 Rd5 38. h4 gxh4 39. Rxh4+ Kg6
0-1

[Event "DRW at AMARS"]
[Site "DRW"]
[Date "2011.02.22"]
[Round "7.4"]
[White "Frank, Mark"]
[Black "Beder, Ben"]
[Result "0-1"]
[WhiteElo "1703"]
[BlackElo "1522"]
[PlyCount "114"]
[EventDate "2011.02.22"]
[WhiteTeam "AMARS"]
[BlackTeam "DRW"]

1. e4 e5 2. Nf3 Nc6 3. Bb5 a6 4. Ba4 d6 5. O-O Nf6 6. Re1 Be7 7. c3 O-O 8. d4
Bg4 9. d5 Nb8 10. c4 Nbd7 11. Nc3 Nc5 12. Bc2 Re8 13. b4 Ncd7 14. Be3 c5 15.
bxc5 Nxc5 16. Bxc5 dxc5 17. Ba4 Nd7 18. h3 Bxf3 19. Qxf3 Qc7 20. Qg4 Red8 21.
Bxd7 Qxd7 22. Re2 Rab8 23. Rb2 Bd6 24. Qe2 g6 25. Rb6 Qc8 26. Na4 Bc7 27. Rb3
Bd6 28. Qd2 b5 29. cxb5 c4 30. Rbb1 axb5 31. Nb2 Qa6 32. Nxc4 bxc4 33. Rxb8
Rxb8 34. Rc1 Kg7 35. Qc2 Rc8 36. Kh2 Qb5 37. Kh1 Qc5 38. Kg1 c3 39. Qd3 Qc4 40.
Qxc4 Rxc4 41. f3 Bb4 42. Kf1 f5 43. exf5 gxf5 44. g4 Kf6 45. Ke2 Rd4 46. a3 Ba5
47. Ke3 Rxd5 48. f4 e4 49. g5+ Kg6 50. Rc2 Rd3+ 51. Ke2 Rd2+ 52. Rxd2 cxd2 53.
Kd1 Kh5 54. Kc2 Kh4 55. Kd1 Kg3 56. Ke2 e3 57. Kxe3 d1=Q 0-1

[Event "DRW at AMARS"]
[Site "DRW"]
[Date "2011.02.22"]
[Round "7.5"]
[White "Redmond, Mark"]
[Black "Duffy, Jim"]
[Result "0-1"]
[WhiteElo "1487"]
[BlackElo "1595"]
[PlyCount "51"]
[EventDate "2011.02.22"]
[WhiteTeam "DRW"]
[BlackTeam "AMARS"]

1. d4 d5 2. c4 dxc4 3. e3 Nf6 4. Bxc4 e6 5. Nf3 c5 6. O-O cxd4 7. Nxd4 Be7 8.
Nc3 O-O 9. Qb3 Qb6 10. Qc2 Bd7 11. Rd1 Rd8 12. f3 Na6 13. Qe2 Nb4 14. Kh1 Rac8
15. e4 a6 16. Nb3 Qc7 17. Nd2 Nc2 18. Rb1 Nd4 19. Qf1 Be8 20. Bb3 Bb4 21. e5
Qxe5 22. Nde4 Nxb3 23. Rxd8 Rxd8 24. Bg5 Bxc3 25. Bxf6 Nd2 26. Nxd2 0-1

[Event "DRW at AMARS"]
[Site "DRW"]
[Date "2011.02.22"]
[Round "7.6"]
[White "Acevedo, Ulysses"]
[Black "Komblevitz, Adam"]
[Result "1-0"]
[WhiteElo "1553"]
[BlackElo "1124"]
[PlyCount "73"]
[EventDate "2011.02.22"]

1. e4 e5 2. Nf3 Nf6 3. Nc3 Bc5 4. Bc4 d6 5. O-O O-O 6. d4 exd4 7. Nxd4 Bxd4 8.
Qxd4 Nc6 9. Qd1 Ne5 10. Be2 h6 11. f4 Nc6 12. Rf3 a6 13. Rg3 Be6 14. f5 Bc8 15.
Bxh6 Kh7 16. Bxg7 Rg8 17. Bxf6 Qxf6 18. Rh3+ Kg7 19. Nd5 Qd4+ 20. Qxd4+ Nxd4
21. Rg3+ Kf8 22. Rxg8+ Kxg8 23. Bd3 c6 24. Nb6 Rb8 25. c3 Nb5 26. Nxc8 Rxc8 27.
Bxb5 axb5 28. Kf2 Re8 29. Re1 f6 30. Kf3 Kf7 31. g4 d5 32. h4 Kg7 33. Kf4 Kf7
34. e5 Rxe5 35. Rxe5 fxe5+ 36. Kxe5 Kg7 37. g5 1-0

[Event "BCBS at AMARS"]
[Site "AMARS"]
[Date "2011.03.21"]
[Round "9.2"]
[White "Braswell, Isaac"]
[Black "Guidry, David"]
[Result "1-0"]
[WhiteElo "1838"]
[BlackElo "1555"]
[PlyCount "105"]
[EventDate "2011.03.21"]
[WhiteTeam "AMARS"]
[BlackTeam "BCBS"]

1. e4 e6 2. d4 d5 3. e5 Ne7 4. Nf3 Ng6 5. Bd3 Nh4 6. O-O c5 7. c3 Nc6 8. Be3 b6
9. a3 a6 10. b4 c4 11. Bc2 Bd7 12. Nbd2 b5 13. Re1 Be7 14. Nf1 Nf5 15. Bxf5
exf5 16. Ng3 g6 17. Bh6 Be6 18. a4 Qc8 19. Qc2 Bf8 20. Qd2 Be7 21. Ra2 Kd7 22.
Rea1 Na7 23. Ne2 Kc6 24. Bg7 Rg8 25. Bf6 Bf8 26. axb5+ Nxb5 27. Ra5 Kb6 28. Qa2
Bd7 29. e6 fxe6 30. Qd2 Bg7 31. Bxg7 Rxg7 32. Ne5 g5 33. Qa2 Be8 34. Qd2 h6 35.
Qe3 f4 36. Qh3 h5 37. g3 g4 38. Qh4 f3 39. Qf6 Qb7 40. Qxe6+ Bc6 41. Nxc6 Qxc6
42. Rxa6+ Rxa6 43. Rxa6+ Kxa6 44. Qxc6+ Ka7 45. Nf4 Nxc3 46. b5 Nxb5 47. Nxd5
Rg6 48. Qxb5 Rg7 49. Qa4+ Kb7 50. Qb5+ Kc8 51. Nb6+ Kc7 52. Qe5+ Kxb6 53. Qxg7
1-0

[Event "BCBS at AMARS"]
[Site "AMARS"]
[Date "2011.03.21"]
[Round "9.3"]
[White "Guiu, Carl"]
[Black "Eaman, Robert"]
[Result "0-1"]
[WhiteElo "1547"]
[BlackElo "1788"]
[PlyCount "102"]
[EventDate "2011.03.21"]
[WhiteTeam "BCBS"]
[BlackTeam "AMARS"]

1. e4 c6 2. d4 d5 3. exd5 cxd5 4. c4 Nf6 5. Nc3 Nc6 6. Be3 e6 7. Nf3 Bd6 8. c5
Be7 9. Bb5 Bd7 10. O-O O-O 11. a3 a6 12. Bd3 b6 13. b4 bxc5 14. bxc5 Qc7 15.
Bc2 g6 16. Qd2 Na5 17. Bf4 Qd8 18. Ne5 Nc6 19. Bd1 Ne8 20. Ba4 Nxe5 21. Bxe5
Rc8 22. Rab1 Bf6 23. Bxf6 Nxf6 24. Bc2 Qc7 25. Rb6 Ra8 26. f3 Kg7 27. Rfb1 Ra7
28. Qe2 Rfa8 29. f4 Qxf4 30. Qf2 Qxf2+ 31. Kxf2 Rc7 32. Rb7 Rac8 33. Kf3 Ng8
34. R1b6 Bc6 35. Rxc7 Rxc7 36. Rxa6 e5 37. Ke3 e4 38. Ba4 Bxa4 39. Nxa4 Ne7 40.
g4 h5 41. h3 hxg4 42. hxg4 f5 43. g5 Nc6 44. Nb6 f4+ 45. Kxf4 Rf7+ 46. Kg4 e3
47. Nxd5 e2 48. Rxc6 e1=Q 49. Nf6 Qe2+ 50. Kg3 Qe3+ 51. Kg2 Qxg5+ 0-1

[Event "BCBS at AMARS"]
[Site "AMARS"]
[Date "2011.03.21"]
[Round "9.5"]
[White "Burgess, Aaron"]
[Black "Duffy, Jim"]
[Result "1/2-1/2"]
[WhiteElo "1480"]
[BlackElo "1615"]
[Annotator "Jim Duffy"]
[PlyCount "152"]
[EventDate "2011.03.21"]
[WhiteTeam "BCBS"]
[BlackTeam "AMARS"]

1. e4 e5 2. Nf3 Nc6 3. Nc3 Nf6 4. d3 d6 5. Bg5 Be7 6. h3 O-O 7. Qd2 Be6 8. Be2
Qd7 9. Bxf6 Bxf6 10. O-O-O a5 11. Kb1 Rfb8 12. g4 g6 13. Rdg1 b5 14. g5 Bg7 15.
h4 Bg4 $2 16. Nd5 b4 $4 17. Nf6+ Bxf6 18. gxf6 Nd8 19. Qh6 Ne6 20. Rxg4 Qd8 21.
Ng5 Qxf6 22. Qxh7+ Kf8 23. Qh6+ Ke7 24. Nxe6 Qxe6 25. Qg5+ Kd7 26. h5 gxh5 27.
Rxh5 Kc6 28. Rh6 Qd7 29. d4 Rg8 30. d5+ Kb7 31. Qf5 Rxg4 32. Qxg4 Qxg4 33. Bxg4
Rg8 34. f3 Kb6 35. Kc1 Kc5 36. Kd2 c6 37. dxc6 Kxc6 38. Kd3 Kc5 39. Rh7 Rf8 40.
b3 d5 41. Bh5 dxe4+ 42. fxe4 Rd8+ 43. Ke3 f6 44. Rf7 Rd6 45. Be2 Kb6 46. Bd3
Kc5 47. Rc7+ Kb6 48. Rc4 Kb7 49. c3 bxc3 50. Rxc3 Kb6 51. a4 Rd8 52. Rc4 Rh8
53. b4 axb4 54. Rxb4+ Ka5 55. Rc4 Rh3+ 56. Kd2 Rf3 57. Ke2 Rh3 58. Rc6 Kxa4 59.
Rxf6 Rh2+ 60. Kf3 Rh3+ 61. Ke2 $2 (61. Kg4 $1) 61... Rh2+ 62. Kf1 Kb4 63. Rf5
Kc3 64. Ba6 Kd4 65. Bb7 Rb2 66. Bd5 Rc2 67. Rf2 Rc1+ 68. Kg2 Rd1 69. Kf3 Rd3+
70. Kg4 Rd1 71. Kf5 Rd3 72. Ke6 Rh3 73. Rf5 Rh6+ 74. Rf6 Rh5 75. Rf5 Rh6+ 76.
Rf6 Rh5 1/2-1/2

[Event "BCBS at AMARS"]
[Site "Board 7 Ð extra board game"]
[Date "2011.03.21"]
[Round "9"]
[White "Furtner, Fred"]
[Black "Acevedo, Ulysses"]
[Result "1-0"]
[WhiteElo "1514"]
[BlackElo "1561"]
[PlyCount "139"]
[EventDate "2011.??.??"]
[WhiteTeam "AMATS"]
[BlackTeam "AMARS"]

1. Nf3 Nf6 2. d4 g6 3. g3 Bg7 4. Bg2 d6 5. O-O O-O 6. Nbd2 c5 7. c4 Bf5 8. Nh4
Nc6 9. Nxf5 gxf5 10. Bxc6 bxc6 11. Nf3 cxd4 12. Nxd4 Qd7 13. Qc2 Ne4 14. e3 e5
15. Ne2 d5 16. f3 Nf6 17. b3 e4 18. Bb2 Rad8 19. Bxf6 Bxf6 20. Rad1 Qe7 21. f4
dxc4 22. Qxc4 Rd6 23. Nd4 Bxd4 24. Rxd4 Rfd8 25. Qc5 Qe6 26. Rfd1 Rxd4 27. Rxd4
Rxd4 28. Qxd4 Qd5 29. Qxd5 cxd5 30. Kf2 Kf8 31. Ke2 Ke7 32. Kd2 Kd6 33. Kc3 a5
34. Kd4 f6 35. a3 Kc6 36. h3 h5 37. b4 a4 {White offers draw to Black, but its
not accepted. White has 8 minutes left in a G/60 match, while Black has 33
minutes left.} 38. h4 Kb6 39. Kxd5 Kb5 40. Kd4 Kc6 41. Kc4 Kd6 42. Kb5 Kd5 43.
Ka6 Kc4 44. b5 Kd3 45. b6 Kxe3 46. b7 Kf2 47. b8=Q e3 48. Qb6 Kf3 49. Qc6+ Kxg3
50. Qxa4 e2 51. Qb4 Kf2 52. Qd4+ Kf1 53. Qd3 Kf2 54. Qd2 Kf1 55. Kb5 e1=Q 56.
Qxe1+ Kxe1 57. a4 Kf2 58. a5 Kf3 59. a6 Kxf4 60. a7 Kg4 61. a8=Q Kxh4 62. Qf3
Kg5 63. Kc5 h4 64. Kd5 f4 65. Ke6 h3 66. Qxh3 f3 67. Qxf3 Kh6 68. Kxf6 Kh7 69.
Qg3 Kh8 70. Qg7# {White had just over one minute left on his clock, at the
mate.} 1-0

[Event "BCBS at AMARS"]
[Site "AMARS"]
[Date "2011.03.21"]
[Round "9.1"]
[White "Khan, Mohammad"]
[Black "Brock, Bill"]
[Result "1/2-1/2"]
[WhiteElo "1817"]
[BlackElo "1990"]
[Annotator "Brock,Bill"]
[PlyCount "83"]
[EventDate "2011.03.21"]
[WhiteTeam "BCBS"]
[BlackTeam "AMARS"]

1. d4 d5 2. c4 c6 3. Nf3 Nf6 4. e3 Bf5 5. Nc3 e6 6. Be2 Nbd7 7. O-O Bd6 8. Bd2
O-O 9. Rc1 Ne4 10. Qb3 Qb6 11. c5 Qxb3 12. axb3 Bc7 13. Nxe4 Bxe4 14. Ne1 e5
15. Nd3 Bxd3 16. Bxd3 e4 17. Be2 f5 18. g3 Rae8 19. b4 a6 20. h4 g6 21. Ra1 Kg7
22. Kg2 h6 23. Rh1 Nf6 $6 (23... Re7) 24. Bxa6 $1 bxa6 25. Rxa6 Re6 26. b5 Rc8
(26... Nd7 27. bxc6 Nb8 28. Ra7 Rf7 29. b4 Nxc6 30. Ra8) 27. b4 g5 (27... Kf7
28. Rxc6 (28. bxc6 Rb8 29. Rb1 Rb5 30. Rba1 Ng8 31. Ra7 Rxc6 32. R1a5 Rxa5 33.
bxa5 Ne7)) 28. hxg5 hxg5 29. bxc6 f4 (29... Rb8 30. Rha1 Kf7 31. Ra8 Rb5 32.
R1a6 Ne8) 30. gxf4 gxf4 31. exf4 Ng4 32. Rh3 (32. b5 Kg6 33. f5+ Kxf5 34. Rh5+
Kf6 35. b6) 32... Rg6 33. Rg3 Nh6 (33... Kf6 34. b5 Kf5 35. Ra7) 34. Rxg6+ Kxg6
35. b5 Nf5 36. Be3 (36. Ra7 Nxd4 37. Rxc7 Rxc7 38. b6 Nxc6 39. bxc7 Ne7) 36...
Rh8 37. b6 (37. Kf1 Nh4 38. Ke2 Nf3 39. Kd1 (39. b6 $4 Rh1 40. Bd2 Bxf4 $1))
37... Nh4+ 38. Kh3 Nf3+ 39. Kg3 Kf5 40. bxc7 Rg8+ 41. Kh3 Ng1+ 42. Kh2 1/2-1/2

[Event "BCBS at AMARS"]
[Site "AMARS"]
[Date "2011.03.21"]
[Round "9.4"]
[White "Allen, Hence"]
[Black "Mata, Santiago"]
[Result "0-1"]
[WhiteElo "1785"]
[BlackElo "1422"]
[Annotator "Friske,Tom"]
[PlyCount "84"]
[EventDate "2011.03.21"]
[WhiteTeam "AMARS"]
[BlackTeam "BCBS"]

1. d4 Nf6 2. c4 c5 3. d5 b5 4. Nc3 {Diagram #} b4 5. Na4 (5. Nb5 a6 6. Qa4 {
the pin is simply broken after Diagram #} Bb7) 5... d6 (5... e6) 6. Nf3 g6 7.
g3 (7. b3 {prepares a way home for the Knight}) 7... Bg7 8. Bg2 O-O 9. O-O Bd7
10. Nd2 Qa5 11. b3 {Diagram #  Now, compared with earlier, Black has long-term
pressure on the Queenside} Bxa4 12. bxa4 Nbd7 13. Bb2 Nb6 14. Nb3 Qxa4 {
Diagram #} 15. Qd3 Qa6 16. Rfc1 Na4 17. Bxf6 Bxf6 18. Rab1 Nc3 19. Ra1 Qa3 20.
Qc2 Qa6 21. Qd3 {Diagram #} Qb6 (21... Nxe2+ {discovers on Ra1, but I'd also
prefer to keep my active minor pieces}) 22. e4 a5 23. Nd2 a4 {Diagram #} 24.
Nb1 {Now Ra1 hangs, so a Knight-discovery nets material.} Nxe4 25. Qxe4 Bxa1
26. Qxe7 Rfe8 {Diagram #} 27. Qd7 Re2 28. Rd1 Bd4 {Diagram #} 29. Qc6 (29. Rf1
Rxa2 {at least saves a Pawn}) 29... Qa6 {Black doesn't allow White any
counterplay !} ({Black doesn't even allow a passer} 29... Qxc6 30. dxc6 Kf8 {
Diagram #  the King can deal with the passer} 31. c7 (31. Bh3 f5) 31... Rc8)
30. Bf1 Bxf2+ 31. Kh1 Rxa2 {Diagram #} 32. Nd2 b3 33. Ne4 Bd4 34. Nxd6 Qxc6 {
Diagram #  White finally gets that passer} 35. dxc6 b2 36. Bd3 Ra1 {Diagram #}
37. Rb1 Rxb1+ 38. Bxb1 a3 {Diagram #} (38... Kf8 {is more safe}) 39. Ba2 ({
White misses a chance !  It's hard to calculate all these lines over-the-board,
but White is lost without a direct attack, so just go for it !!} 39. c7 {
Diagram #} a2 $2 {But there is the tricky} 40. Bxa2 $1 {Diagram #  and White
could pray that the queening-with-check will bail him out...} ({Maybe he
stopped examining 39 c7 because the obvious move quickly loses:} 40. c8=Q+ $2
Rxc8 41. Nxc8 (41. Bxa2 Ra8 {wins with Ra1}) 41... axb1=Q+) 40... Rxa2 41.
c8=Q+ Kg7 {Diagram #} 42. Ne8+ {draws by perpetual check !!} Kf8 (42... Kh6 43.
Qh3+ {Diagram # (OK, actually thought this mate...)} Kg5 44. Qh4+ Kf5 {Diagram
#} 45. Qf4+ ({wished mate after} 45. Ng7+ $2 Ke5 ({but, of course} 45... Bxg7)
46. Qf4# $3) 45... Ke6 46. Qd6+ Kf5 47. Qf4+ $11 {Diagram #  repeating}) 43.
Nc7+ Ke7 44. Qe8+ {Diagram #} Kf6 (44... Kd6 $4 45. Nb5#) 45. Qd8+ Kf5 (45...
Kg7 46. Ne8+ {is same position as move 42, with Queen one rank over}) (45...
Ke5 46. Qd5+ Kf6 47. Qd8+ {repeats}) 46. Qd5+ {Diagram #} Kf6 (46... Kg4 $4 47.
Qe4+ Kg5 (47... Kh5 48. Qh4#) 48. Qh4+ Kf5 49. Qf4#) 47. Qd8+ {repeats}) 39...
Be5 40. Nb5 Rc8 41. c7 Bxc7 {Diagram #} 42. Nxa3 Ra8 0-1

[Event "BCBS at AMARS"]
[Site "AMARS"]
[Date "2011.03.21"]
[Round "9.6"]
[White "Acevedo, Ulysses"]
[Black "Wong, Alfred"]
[Result "1-0"]
[WhiteElo "1561"]
[BlackElo "1425"]
[PlyCount "37"]
[EventDate "2011.03.21"]
[WhiteTeam "AMARS"]
[BlackTeam "BCBS"]

1. e4 e5 2. Nf3 Nc6 3. Bb5 d6 4. c3 a6 5. Ba4 b5 6. Bc2 Nf6 7. d4 exd4 8. cxd4
d5 9. e5 Ne4 10. O-O Be7 11. Nc3 Nxc3 12. bxc3 O-O 13. Qd3 f6 14. Qxh7+ Kf7 15.
Qg6+ Kg8 16. Nh4 fxe5 17. Qh7+ Kf7 18. Ng6 Rh8 19. Nxh8+ 1-0

[Event "Gambits-Excaliburs"]
[Site "?"]
[Date "2011.03.22"]
[Round "?"]
[White "Ghaibeh, Ayman"]
[Black "Hart, Vince"]
[Result "0-1"]
[WhiteElo "1705"]
[BlackElo "2117"]
[PlyCount "52"]

1. e4 e5 2. f4 Bc5 3. Nf3 d6 4. fxe5 dxe5 5. h3 Nf6 6. d3 O-O 7. c3 Nc6 8. b4
Nxb4 9. Ba3 Na6 10. Nxe5 Nxe4 11. dxe4 Qh4+ 12. Kd2 Qf4+ 13. Kc2 Qxe5 14. Bxa6
bxa6 15. Qd5 Qxd5 16. exd5 Bf5+ 17. Kb3 Rfb8+ 18. Ka4 Bc2+ 19. Ka5 Bb6+ 20. Kb4
Bd3 21. Ka4 Be3 22. Bb4 Bc2+ 23. Ka5 Rb5+ 24. Kxa6 Bd3 25. Rd1 Rb6+ 26. Ka5
Ra6# 0-1

[Event "Excaliburs-Gambits"]
[Site "?"]
[Date "2011.03.22"]
[Round "?"]
[White "Lee, David"]
[Black "Gilbert, Steve"]
[Result "1-0"]
[WhiteElo "1883"]
[BlackElo "1593"]
[PlyCount "63"]

1. e4 e5 2. Nf3 d6 3. Bc4 Nf6 4. d3 h6 5. Nbd2 Nc6 6. a4 Be7 7. a5 a6 8. c3 O-O
9. Nf1 b5 10. axb6 cxb6 11. Ne3 Na5 12. Ba2 Nh5 13. Nd5 Be6 14. Nxe5 dxe5 15.
Qxh5 Bf6 16. Be3 Bxd5 17. Bxd5 Rb8 18. b4 Nb7 19. Rxa6 Qc7 20. O-O Qxc3 21.
Rxb6 Ra8 22. Rxf6 Ra1 23. Bxf7+ Rxf7 24. Qxf7+ Kh8 25. Qe8+ Kh7 26. Qg6+ Kg8
27. Rc6 Rxf1+ 28. Kxf1 Qxd3+ 29. Ke1 Qb1+ 30. Rc1 Qxb4+ 31. Bd2 Qa3 32. Rc8+
1-0

[Event "Gambits-Excaliburs"]
[Site "?"]
[Date "2011.03.22"]
[Round "?"]
[White "Mitchell, Damian"]
[Black "Dowell, Earnest"]
[Result "0-1"]
[WhiteElo "1481"]
[BlackElo "1806"]
[PlyCount "84"]

1. d4 d5 2. Nc3 Nf6 3. Nf3 c5 4. Bf4 Nc6 5. e3 a6 6. Ne5 cxd4 7. Nxc6 bxc6 8.
Qxd4 e6 9. Be2 c5 10. Qe5 Be7 11. O-O O-O 12. Rad1 Qa5 13. Bf3 Rd8 14. a3 Bd6
15. Qg5 Bxf4 16. Qxf4 Qb6 17. e4 Qxb2 18. Na4 Qb5 19. exd5 e5 20. Qh4 Bd7 21.
Nc3 Qb2 22. Ne4 Nxe4 23. Bxe4 f5 24. Bf3 e4 25. Be2 Qxc2 26. Rfe1 Qa2 27. Bxa6
Qxa3 28. Bc4 Qc3 29. Rc1 Qe5 30. Rb1 Kh8 31. Kh1 Re8 32. Red1 Ra4 33. Rb6 Rxc4
34. d6 Ra4 35. Rbb1 Rd4 36. Rxd4 cxd4 37. Rb6 d3 38. Qh5 Qc5 39. Rb1 Qxd6 40.
Rd1 f4 41. h4 e3 42. fxe3 fxe3 0-1